Principaux ministres sous la présidence d'Emmanuel Macron - Statistiques

Statistiques générales
  • Ce quiz a été pris 691 fois
    83 depuis la dernière actualisation
  • Le résultat moyen est 31 sur 61
Statistiques - réponses
Membres du gouvernement Nom % Correct
Premier Ministre (du 15 mai 2017 au 3 juillet 2020) Edouard Philippe
100%
Premier Ministre (du 13 décembre 2024 au 9 septembre 2025) François Bayrou
100%
Ministre de la Justice, Garde des Sceaux (du 17 mai 2017 au 21 juin 2017) François Bayrou
100%
Premier Ministre (depuis le 9 septembre 2025) Sébastien Lecornu
100%
Ministre des Armées (du 20 mai 2022 au 5 octobre 2025) Sébastien Lecornu
100%
Premier Ministre (du 16 mai 2022 au 9 janvier 2024) Elisabeth Borne
98%
Ministre de l'Education nationale, de l'Enseignement supérieur et de la Recherche (du 23 décembre 2024 au 12 octobre 2025) Elisabeth Borne
98%
Ministre de la Transition écologique et solidaire (du 16 juillet 2019 au 3 juillet 2020) Elisabeth Borne
98%
Ministre du Travail, de l'Emploi et de l'Insertion (du 3 juillet 2020 au 20 mai 2022) Elisabeth Borne
98%
Premier Ministre (du 9 janvier 2024 au 5 septembre 2024) Gabriel Attal
98%
Ministre de l'Education nationale et de la Jeunesse (du 20 juillet 2023 au 9 janvier 2024) Gabriel Attal
98%
Premier Ministre (du 5 septembre 2024 au 13 décembre 2024) Michel Barnier
94%
Premier Ministre (du 3 juillet 2020 au 16 mai 2022) Jean Castex
92%
Ministre de l'Intérieur (du 6 juillet 2020 au 5 septembre 2024) Gérald Darmanin
90%
Ministre de la Justice, Garde des Sceaux (depuis le 23 décembre 2024) Gérald Darmanin
90%
Ministre de l'Intérieur (du 21 septembre 2024 au 12 octobre 2025) Bruno Retailleau
78%
Ministre de l'Economie, des Finances et de la Souveraineté industrielle et numérique (du 17 mai 2017 au 5 septembre 2024) Bruno Le Maire
76%
Ministre des Armées et des Anciens combattants (du 5 octobre 2025 au 6 octobre 2025) Bruno Le Maire
76%
Ministre de la Justice, Garde des Sceaux (du 3 juillet 2020 au 5 septembre 2024) Eric Dupond-Moretti
63%
Ministre de l'Intérieur (depuis le 12 octobre 2024) Laurent Nunez
63%
Ministre de l'Intérieur (du 16 octobre 2018 au 6 juillet 2020) Christophe Castaner
55%
Ministre de l'Intérieur (du 17 mai 2017 au 3 octobre 2018) Gérard Collomb
51%
Ministre de l'Education nationale, de la Jeunesse et des Sports (du 17 mai 2017 au 20 mai 2022) Jean-Michel Blanquer
49%
Ministre de l'Europe et des Affaires étrangères (du 17 mai 2017 au 20 mai 2022) Jean-Yves Le Drian
49%
Ministre des Solidarités et de la Santé (du 16 février 2020 au 20 mai 2022) Olivier Véran
49%
Ministre des Armées et des Anciens combattants (depuis le 6 octobre 2025) Catherine Vautrin
47%
Ministre du Travail, de la Santé et des Solidarités (du 11 janvier 2024 au 21 septembre 2024) Catherine Vautrin
47%
Ministre du Travail, de la Santé, des Solidarités et des Familles (du 23 décembre 2024 au 12 octobre 2025) Catherine Vautrin
47%
Ministre de l'Europe et des Affaires étrangères (depuis le 21 septembre 2024) Jean-Noël Barrot
47%
Ministre de la Transition écologique, de la Biodiversité, de la Forêt, de la Mer et de la Pêche (du 21 septembre 2024 au 12 octobre 2025) Agnès Pannier-Runacher
45%
Ministre de l'Education nationale et de la Jeunesse (du 20 mai 2022 au 20 juillet 2023) Pap Ndiaye
43%
Ministre des Solidarités et de la Santé (du 17 mai 2017 au 16 février 2020) Agnès Buzyn
41%
Ministre de l'Education nationale, de la Jeunesse, des Sports et des Jeux olympiques et paralympiques (du 11 janvier 2024 au 8 février 2024) Amélie Oudéa-Castéra
39%
Ministre de l'Economie, des Finances et de la Souveraineté industrielle et numérique (du 23 décembre 2024 au 5 octobre 2025) Eric Lombard
35%
Ministre de la Justice, Garde des Sceaux (du 21 juin 2017 au 6 juillet 2020) Nicole Belloubet
35%
Ministre de l'Education nationale et de la Jeunesse (du 8 février 2024 au 5 septembre 2024) Nicole Belloubet
35%
Ministre du Travail, du Plein emploi et de l'Insertion (du 20 mai 2022 au 11 janvier 2024) Olivier Dussopt
35%
Ministre de l'Europe et des Affaires étrangères (du 11 janvier 2024 au 5 septembre 2024) Stéphane Séjourné
35%
Ministre de la Transition écologique et solidaire (du 17 mai 2017 au 4 septembre 2018) Nicolas Hulot
33%
Ministre de l'Economie, des Finances et de la Souveraineté industrielle, énergétique et numérique (depuis 5 octobre 2025) Roland Lescure
33%
Ministre des Armées (du 27 juin 2017 au 20 mai 2022) Florence Parly
31%
Ministre de la Justice, Garde des Sceaux (du 21 septembre 2024 au 23 décembre 2024) Didier Migaud
29%
Ministre de l'Economie, des Finances et de l'Industrie (du 21 septembre 2024 au 23 décembre 2024) Antoine Armand
27%
Ministre de l'Education nationale (depuis le 12 octobre 2025) Edouard Geffray
27%
Ministre de l'Europe et des Affaires étrangères (du 20 mai 2022 au 11 janvier 2024) Catherine Colonna
24%
Ministre de la Transition écologique et de la Cohésion des territoires (du 20 mai 2022 au 4 juillet 2022) Amélie de Montchalin
22%
Ministre de l'Education nationale (du 21 septembre 2024 au 23 décembre 2024) Anne Genetet
22%
Ministre de la Santé et de la Prévention (du 4 juillet 2022 au 20 juillet 2023) François Braun
22%
Ministre du Travail (du 17 mai 2017 au 6 juillet 2020) Muriel Pénicaud
22%
Ministre de la Transition écologique (du 6 juillet 2020 au 20 mai 2022) Barbara Pompili
18%
Ministre de la Santé et de l'Accès aux soins (du 21 septembre 2024 au 23 décembre 2024) Geneviève Darrieussecq
18%
Ministre du Travail et des Solidarités (depuis le 12 octobre 2025) Jean-Pierre Farandou
18%
Ministre des Armées (du 17 mai 2017 au 21 juin 2017) Sylvie Goulard
18%
Ministre du Travail et de l'Emploi (du 21 septembre 2024 au 23 septembre 2024) Astrid Panosyan-Bouvet
16%
Ministre de la Santé et de la Prévention (du 20 juillet 2023 au 20 décembre 2023) Aurélien Rousseau
16%
Ministre de la Transition écologique et solidaire (du 4 septembre 2018 au 16 juillet 2019) François de Rugy
16%
Ministre de la Transition écologique, de la Biodiversité et des Négociations internationales sur le climat et la nature (depuis le 12 octobre 2025) Monique Barbut
14%
Ministre de la Santé, des Familles, de l'Autonomie et des Personnes handicapées (depuis le 12 octobre) Stéphanie Rist
14%
Ministre de la Transition écologique et de la Cohésion des territoires (du 4 juillet 2022 au 5 septembre 2024) Christophe Béchu
12%
Ministre de la Santé et de la Prévention (du 20 décembre 2023 au 11 janvier 2024) Agnès Firmin-Le Bodo
10%
Ministre de la Santé et de la Prévention (du 20 mai 2022 au 4 juillet 2022) Brigitte Bourguignon
8%
Aucun quiz correspondant
Distribution des résultats
% des personnes avec chaque résultat
Percentile par nombre de réponses
Votre historique - résultats
Vous n’avez pas pris ce quiz depuis la dernière actualisation